000 00763nam a2200253 a 4500
001 BRL_792
005 20190320210912.0
008 071013s1996----mx-ao#####---#000-0#spa-#
020 _a968778900X
041 _aspa
044 _amx
050 4 _aPN1993.5M4
_b.C65 1996
100 1 _aColle Corcuera, Marie-Pierre
_93185
245 1 0 _aRecetario del cine mexicano
_cMarie-Pierre Colle Corcuera ; introducción de Carlos Monsiváis.
260 _aMéxico
_bFundación Cultural Televisa
_c1996
300 _a[144] p.
_bil.
_c23 cm.
500 _aAu945
500 _aIncluye dedicatoria a Ruth Lechuga
650 1 4 _aCine
_xHistoria
_zMéxico
_924966
650 1 4 _aCocina mexicana
_924967
700 1 _aMonsiváis, Carlos
_922855
902 _aGRL
942 _2lcc
_cB
999 _c9604
_d9604